Campeões do Campeonato Paulista de Futebol - Statistics

Estatísticas Gerais
  • Esse quiz foi jogado 253 vezes
  • A pontuação média é 104 de 127
Estatísticas das Respostas
Ano Time % Correto
1914 | 1916 | 1922 | +26 others Corinthians
99%
1920 | 1926 | 1927 | +19 others Palmeiras
99%
1931 | 1943 | 1945 | +18 others São Paulo
99%
1935 | 1955 | 1956 | +19 others Santos
98%
2002 | 2014 Ituano
78%
2004 São Caetano
73%
1990 Bragantino
70%
1935 | 1936 | 1973 Portuguesa
69%
1905 | 1908 | 1913 | +7 others Paulistano
49%
1986 Inter de Limeira
32%
1907 | 1929 Internacional
19%
1906 | 1915 Germânia
15%
1912 | 1913 Americano
13%
1902 | 1903 | 1904 | 1911 São Paulo Athletic
13%
1909 | 1910 | 1915 Atlética das Palmeiras
3%
1914 | 1925 Atlética São Bento
1%
Nenhum quiz correspondente encontrado
Distribuição das Pontuações
Porcentagem de Pessoas com Cada Pontuação
Percentil de Números Respondidos
Sua Pontuação Histórica
Você não jogou esse quiz